000 00886nam a22002537a 4500
005 20240530110356.0
008 150110s2010 ua o f b 000 0 ara d
017 _a2009/7879
_bمصر . دار الكتب المصرية
020 _a9789770926380
040 _aEG-CaGPL
041 0 _aara
082 0 4 _221
_a324.262
_bق/أ أ
100 0 _aاحمد زكريا الشلق
245 1 2 _aالاحرار الدستوريون :
_b1922 - 1953 /
_cاحمد زكريا الشلق
250 _aط 1
260 _aالقاهرة :
_bدار الشروق ،
_c2010
300 _a509 ص :
_bصور ؛
_c24 سم
504 _aببليوجرافية : ص 483 - 509
650 0 4 _aحزب الاحرار الدستوريون
650 0 4 _aالليبرالية
651 0 4 _aمصر
_xالاحوال السياسية
942 _2ddc
_cBK
999 _c60172
_d60172